[Event "BL2 West 1112 (Women)"]
[Site "Germany"]
[Date "2011.11.26"]
[Round "3.6"]
[White "Schmidt, Renate"]
[Black "Schneider, Hanne"]
[Result "1/2-1/2"]
[WhiteElo "1661"]
[BlackElo "1169"]
[PlyCount "100"]
[EventDate "2011.10.29"]
[EventType "team-tourn"]
[EventRounds "7"]
[EventCountry "GER"]
[SourceTitle "EXT 2013"]
[Source "ChessBase"]
[SourceDate "2012.11.22"]
[SourceVersion "1"]
[SourceVersionDate "2012.11.22"]
[SourceQuality "1"]
[WhiteTeam "Krefeld Turm (W)"]
[BlackTeam "Wattenscheid (W)"]
[WhiteTeamCountry "GER"]
[BlackTeamCountry "GER"]

1. d4 d5 2. Nf3 Nc6 3. e3 Nf6 4. c4 e6 5. Bd3 Be7 6. 0-0 0-0 7. Nc3 dxc4 8. Bxc4 a6 9. a4 b6 10. b3 Bb7 11. Bb2 Nb4 12. Rc1 Bd6 13. h3 Qe7 14. Qe2 Rad8 15. Rfd1 Rfe8 16. Ne5 h6 17. f4 Bxe5 18. fxe5 Ne4 19. Nxe4 Bxe4 20. Ba3 a5 21. Bxb4 Qxb4 22. Rf1 Qe7 23. Bb5 Rf8 24. Bc6 Bxc6 25. Rxc6 Rc8 26. Qc2 Rfd8 27. Rc1 Rd7 28. Rxb6 Qg5 29. Qc3 Ra8 30. Rb5 Ra6 31. Rb8+ Kh7 32. Qd3+ g6 33. h4 Qg3 34. Qe4 c6 35. h5 f5 36. hxg6+ Kg7 37. Qf3 Qg5 38. Rc3 Rc7 39. Kf1 Qxg6 40. Kg1 Qg5 41. b4 Qh4 42. Rc1 axb4 43. Rxb4 Rca7 44. Rbc4 Rc7 45. Kf1 Rxa4 46. Rxc6 Rxc6 47. Qxc6 Qh1+ 48. Kf2 Ra2+ 49. Kg3 Rxg2+ 50. Qxg2 Qxc1 1/2-1/2